| 000 | 00432nam a22001937a 4500 | ||
|---|---|---|---|
| 003 | bpm | ||
| 005 | 20260409090939.0 | ||
| 008 | 260409b |||||||| |||| 00| f spa d | ||
| 020 | _a9788491050841 | ||
| 024 | _aS. C. C. / M. C. y E. M.: | ||
| 040 | _aAR-CtUCP | ||
| 041 | _aspa | ||
| 080 | _aCDU | ||
| 100 | _aDostoievski Fiódor | ||
| 245 | _aEl idiota | ||
| 650 | _aLiteratura - Novela | ||
| 942 | _cLIB | ||
| 999 |
_c76622 _d76622 |
||